Лазерные системы инициирования: Отчет о НИР. Тема : х/д 1-46/82. № гос. рег. Х 62121

Bibliografski detalji
Autor kompanije: Томский политехнический институт
Daljnji autori: Александров Е. И. (руководитель), Вознюк А. Г. (исполнитель)
Jezik:ruski
Izdano: Томск, 1983-
Format: MixedMaterials Knjiga
KOHA link:https://koha.lib.tpu.ru/cgi-bin/koha/opac-detail.pl?biblionumber=57287

MARC

LEADER 00000nbm1a2200000 4500
001 57287
005 20231031054144.0
035 |a (RuTPU)RU\TPU\book\60431 
090 |a 57287 
100 |a 20031028d1983 k y0rusy50 ca 
101 0 |a rus 
102 |a RU 
200 1 |a Лазерные системы инициирования  |e Отчет о НИР. Тема : х/д 1-46/82. № гос. рег. Х 62121  |f Томский политехнический институт; науч. рук. Е. И. Александров; Отв. исп. А. Г. Вознюк 
210 |a Томск  |d 1983- 
229 |a Тема: х/д 1-46/82  |a № гос. рег. Х 62121 
702 1 |a Александров  |b Е. И.  |4 673 
702 1 |a Вознюк  |b А. Г.  |4 677 
712 0 2 |a Томский политехнический институт  |2 stltpush  |3 (RuTPU)RU\TPU\col\1123 
801 1 |a RU  |b 63413507  |c 20031028  |g PSBO 
942 |c BK